000 01232nam a2200409 a 4500
001 21700
003 CZ PrNK
005 20260309094730.0
007 ta
008 130719s2013 xr a b 000 j slo
015 _acnb002475641
020 _a9788025226063
_q(váz.)
035 _a(OCoLC)857953194
040 _aOLA001
_bcze
_dABA001
041 1 _aslo
_heng
072 7 _a821-93
_xLiteratura pro děti a mládež (beletrie)
_2Konspekt
080 _a821-93
_2MRF
080 _a821-32
_2MRF
080 _a(0:82-32)
_2MRF
245 0 0 _aBarbie - príbeh morskej panny.
_n2,
_pBarbie zachraňuje podmorský svet /
_c[preložila Irena Novotná]
246 3 0 _aBarbie zachraňuje podmorský svet
246 1 8 _aPríbeh morskej panny 2
250 _a1. vyd.
260 _aV Prahe :
_bEgmont,
_c2013
300 _a31 s. :
_bbarev. il. ;
_c24 x 25 cm
490 1 _aBarbie
500 _aPřeloženo z angličtiny
655 7 _apříběhy
_2czenas
655 7 _apublikace pro děti
_2czenas
655 9 _astories
_2eczenas
655 9 _achildren's literature
_2eczenas
765 0 _tBarbie in a mermaid tale 2
830 0 _aBarbie
901 _b9788025226063
_f1. vyd.
_o20130807
910 _aABA001
942 _2ddc
_cKLDE
_n0
999 _c21700
_d21700